| 000 | 00520cam a2200205ua 4500 | ||
|---|---|---|---|
| 001 | 6241 | ||
| 005 | 20260515114022.0 | ||
| 008 | 131126n ii |||gr||||Z||||||eng | ||
| 020 | _a0-7069-2638-2 | ||
| 040 | _cMAIN | ||
| 082 | _a651 | ||
| 245 |
_aSecretarial practice _cBY M.C. Kuchhal |
||
| 250 | _a10th ed. | ||
| 260 |
_aNew delhi: _bvikas publishing house PVT LTD, _c1985. |
||
| 300 | _axv,631p. | ||
| 653 | _aOffice services | ||
| 653 | _aSecretarial practice | ||
| 700 |
_aKuchhal,M.C., _eAuthor., |
||
| 942 | _cBK | ||
| 999 |
_c5388 _d5388 |
||